THE FOUNDATIONS OF SCREENWRITING (Record no. 17072)

MARC details
000 -LEADER
fixed length control field 00306nam a22001337a 4500
003 - CONTROL NUMBER IDENTIFIER
control field SGT
020 ## - INTERNATIONAL STANDARD BOOK NUMBER
International Standard Book Number 978-0-385-33903-2
082 ## - DEWEY DECIMAL CLASSIFICATION NUMBER
Classification number 302.23
Item number T05F
100 ## - MAIN ENTRY--PERSONAL NAME
Personal name FIELD, SYD.
245 ## - TITLE STATEMENT
Title THE FOUNDATIONS OF SCREENWRITING
260 ## - PUBLICATION, DISTRIBUTION, ETC. (IMPRINT)
Place of publication, distribution, etc NEW YORK
Name of publisher, distributor, etc BANTAM DELL
Year of Publication 2005
300 ## - PAGE DESCRIPTION
No. of Pages 319
942 ## - ADDED ENTRY ELEMENTS (KOHA)
Source of classification or shelving scheme Dewey Decimal Classification
Koha item type Books
942 ## - ADDED ENTRY ELEMENTS (KOHA)
-- 2
Holdings
Withdrawn status Lost status Source of classification or shelving scheme Damaged status Not for loan Collection code Home library Current library Shelving location Date acquired Vendor Name Cost, normal purchase price SGTU Total Checkouts Full call number Accession No. (Barcode) Date last seen Date last borrowed Bill Date Koha item type
    Dewey Decimal Classification     MASS COMMUNICATION SGT Science & Social Sciences Library SGT Science & Social Sciences Library Reference Book 06/03/2019 AMAZON 460.00 SGTU 2 302.23 T05F MC593 23/11/2021 13/11/2021 06/03/2019 Books